Gitanjali song offering / (Record no. 68232)

MARC details
000 -LEADER
fixed length control field 01588nam a22002537a 4500
005 - DATE AND TIME OF LATEST TRANSACTION
control field 20120628115244.0
010 ## - LCCN (DPL NO)
LC control number B-456412-416
020 ## - INTERNATIONAL STANDARD BOOK NUMBER
International Standard Book Number 9788187981190
Terms of availability 75.00
035 ## - SYSTEM CONTROL NUMBER
System control number B-456412-416
037 ## - SOURCE OF ACQUISITION
Stock number dpl
Source of stock number/acquisition Allied Pub /Ven
082 ## - DEWEY DECIMAL CLASSIFICATION NUMBER
Classification number 863.1
100 ## - MAIN ENTRY--PERSONAL NAME
Personal name Tagore Rabindernath
245 ## - TITLE STATEMENT
Title Gitanjali song offering /
Statement of responsibility, etc by Rabindernath Tagore
260 ## - PUBLICATION, DISTRIBUTION, ETC. (IMPRINT)
Place of publication, distribution, etc New Delhi
Name of publisher, distributor, etc Indialog Pub
Date of publication, distribution, etc 2002
270 ## - ADDRESS
Address O-22 Lajpat Nagar
City New Delhi
300 ## - PHYSICAL DESCRIPTION
Extent vi,103pg
Dimensions 20cm
942 ## - ADDED ENTRY ELEMENTS (KOHA)
Source of classification or shelving scheme Dewey Decimal Classification
Item type English Books
Call number suffix TAG
Classification part 863.1
Holdings
Withdrawn status Lost status Not for loan Collection code Home library Current library Date acquired Source of acquisition Cost, normal purchase price Full call number Barcode Copy number Cost, replacement price Koha item type
      Non-fiction Bawana Bawana 02/07/2012 Allied Pub/0001517/15.12.2011/SP 14/12.12.2011/03.02.2012 75.00 863.1 TAG B-456415 1 75.00 English Books
  Written-off vide DLB M. No. 383 dt 16.05.19   Non-fiction Central Library Central Library 02/07/2012 Allied Pub/0001517/15.12.2011/SP 14/12.12.2011/03.02.2012 75.00 863.1 TAG B-456412 1 75.00 English Books
      Non-fiction Patel Nagar Patel Nagar 02/07/2012 Allied Pub/0001517/15.12.2011/SP 14/12.12.2011/03.02.2012 75.00 863.1 TAG B-456413 1 75.00 English Books
      Non-fiction Sarojini Nagar Sarojini Nagar 02/07/2012 Allied Pub/0001517/15.12.2011/SP 14/12.12.2011/03.02.2012 75.00 863.1 TAG B-456414 1 75.00 English Books
  Written-off vide DLB M. No. 383 dt 16.05.19   Non-fiction Shahdara Branch Shahdara Branch 02/07/2012 Allied Pub/0001517/15.12.2011/SP 14/12.12.2011/03.02.2012 75.00 863.1 TAG B-456416 1 75.00 English Books

© Delhi Public Library
Hit Counter
free hit counter